| 000 | 00546nam a22001937a 4500 | ||
|---|---|---|---|
| 003 | KOHA_MİRAKIL | ||
| 005 | 20251123121023.0 | ||
| 008 | 251123b tu ||||| |||| 00| 0 tur d | ||
| 020 | _a9786059499194 | ||
| 040 |
_aTR-AnABB _btur _cTR-AnABB |
||
| 041 | _atur | ||
| 082 |
_a813.42 _bZIY 2020 |
||
| 100 | 1 | _aŞakir,Ziya, | |
| 245 | 1 | 0 |
_aEndülüs şövalyesi Abdurrahman / _cZiya Şakir |
| 260 |
_aİstanbul : _bAkıl Fikir Yayınları, _c2020 |
||
| 300 |
_a224 sayfa ; _c21 cm |
||
| 650 | 0 | 4 | _aTürk edebiyatı, roman |
| 942 |
_2ddc _cBK |
||
| 999 |
_c9547 _d9547 |
||
| 900 | _bGizem YORULMAZ | ||